<?xml version="1.0" encoding="UTF-8"?>
<record
    xmlns:xsi="http://www.w3.org/2001/XMLSchema-instance"
    xsi:schemaLocation="http://www.loc.gov/MARC21/slim http://www.loc.gov/standards/marcxml/schema/MARC21slim.xsd"
    xmlns="http://www.loc.gov/MARC21/slim">

  <leader>00859nam a22002177a 4500</leader>
  <controlfield tag="003">OSt</controlfield>
  <controlfield tag="005">20250304172834.0</controlfield>
  <controlfield tag="008">250127b           ||||| |||| 00| 0 spa d</controlfield>
  <datafield tag="020" ind1=" " ind2=" ">
    <subfield code="a">9786287641211</subfield>
  </datafield>
  <datafield tag="040" ind1=" " ind2=" ">
    <subfield code="c">CO-MqBPB</subfield>
  </datafield>
  <datafield tag="082" ind1=" " ind2=" ">
    <subfield code="a">AN</subfield>
  </datafield>
  <datafield tag="100" ind1=" " ind2=" ">
    <subfield code="a">Benedetti, Mario</subfield>
    <subfield code="e">Autor</subfield>
  </datafield>
  <datafield tag="245" ind1=" " ind2=" ">
    <subfield code="a">Qui&#xE9;n de nosotros / </subfield>
    <subfield code="c"> Mario Benedetti</subfield>
  </datafield>
  <datafield tag="264" ind1=" " ind2=" ">
    <subfield code="a">Bogot&#xE1; :</subfield>
    <subfield code="b">Debolsillo, </subfield>
    <subfield code="c">20215-2023</subfield>
  </datafield>
  <datafield tag="300" ind1=" " ind2=" ">
    <subfield code="a">107 paginas</subfield>
    <subfield code="c">19 cm</subfield>
  </datafield>
  <datafield tag="490" ind1=" " ind2=" ">
    <subfield code="a">Debolsillo</subfield>
    <subfield code="v">Contemporanea</subfield>
  </datafield>
  <datafield tag="500" ind1=" " ind2=" ">
    <subfield code="a">La historia de un tri&#xE1;ngulo amoroso, como el que forman Miguel, Alicia y Lucas, es utilizada por el autor para ofrecernos una imprevisible e ir&#xF3;nica exploraci&#xF3;n de la soledad humana, con un final abierto que se resumir&#xE1; en la &#xFA;ltima frase del libro: "&#xBF;Qui&#xE9;n de nosotros juzga a qui&#xE9;n?".</subfield>
  </datafield>
  <datafield tag="650" ind1="1" ind2="4">
    <subfield code="2">Novela</subfield>
    <subfield code="v">Romantica</subfield>
  </datafield>
  <datafield tag="650" ind1=" " ind2=" ">
    <subfield code="2">Novela </subfield>
    <subfield code="z">Uruguay</subfield>
  </datafield>
  <datafield tag="942" ind1=" " ind2=" ">
    <subfield code="2">ddc</subfield>
    <subfield code="c">BK</subfield>
    <subfield code="e">1a </subfield>
  </datafield>
  <datafield tag="999" ind1=" " ind2=" ">
    <subfield code="c">15759</subfield>
    <subfield code="d">15759</subfield>
  </datafield>
  <datafield tag="952" ind1=" " ind2=" ">
    <subfield code="0">0</subfield>
    <subfield code="1">0</subfield>
    <subfield code="2">ddc</subfield>
    <subfield code="4">0</subfield>
    <subfield code="7">0</subfield>
    <subfield code="8">LA</subfield>
    <subfield code="a">BPMOS</subfield>
    <subfield code="b">BPMOS</subfield>
    <subfield code="c">FIC</subfield>
    <subfield code="d">2025-01-27</subfield>
    <subfield code="e">Compra 2024</subfield>
    <subfield code="i">NT</subfield>
    <subfield code="l">2</subfield>
    <subfield code="o">AN BENq</subfield>
    <subfield code="p">MOS504021</subfield>
    <subfield code="r">2025-12-18</subfield>
    <subfield code="s">2025-10-02</subfield>
    <subfield code="t">Ej. 1</subfield>
    <subfield code="w">2025-01-27</subfield>
    <subfield code="y">BKLIT</subfield>
    <subfield code="z">Quince dias</subfield>
  </datafield>
  <datafield tag="952" ind1=" " ind2=" ">
    <subfield code="0">0</subfield>
    <subfield code="1">0</subfield>
    <subfield code="2">ddc</subfield>
    <subfield code="4">0</subfield>
    <subfield code="7">0</subfield>
    <subfield code="8">LA</subfield>
    <subfield code="a">BPMOS</subfield>
    <subfield code="b">BPMOS</subfield>
    <subfield code="c">FIC</subfield>
    <subfield code="d">2025-01-27</subfield>
    <subfield code="e">Compra 2024</subfield>
    <subfield code="i">NT</subfield>
    <subfield code="l">1</subfield>
    <subfield code="o">AN BENq</subfield>
    <subfield code="p">MOS504022</subfield>
    <subfield code="r">2026-02-10</subfield>
    <subfield code="s">2026-01-23</subfield>
    <subfield code="t">Ej.2</subfield>
    <subfield code="w">2025-01-27</subfield>
    <subfield code="y">BKLIT</subfield>
    <subfield code="z">Quince dias</subfield>
  </datafield>
</record>
